| 000 | 00429cam a22001575a 4500 | ||
|---|---|---|---|
| 001 | J100853 | ||
| 008 | 000000s1925 000 0 eng u | ||
| 035 | _a(Sirsi) u100853 | ||
| 110 |
_aSurveyors' Institution _93783 |
||
| 245 | 0 | 2 | _aA system of book-keeping for agricultural estates, with explanatory notes. November 1925. |
| 260 | _c1925 | ||
| 300 | _a17p. | ||
| 651 | 4 |
_aUnited Kingdom _y |
|
| 690 | _aPROPERTY | ||
| 942 | _n0 | ||
| 999 |
_c99882 _d99882 |
||